The Arcadian Wild - The Food Truck Blues - Statistics

General Stats
  • This quiz has been taken 9 times
  • The average score is 73 of 140
Answer Stats
Answer % Correct
a
80%
for
80%
(Again!)
60%
an
60%
and
60%
assembled,
60%
at
60%
audience
60%
band
60%
beef
60%
Bible
60%
blues
60%
bun!
60%
burn
60%
but
60%
But
60%
by
60%
careful
60%
Cause
60%
college,
60%
day
60%
degree
60%
don't
60%
dues
60%
Each
60%
eighteen
60%
eyebrows
60%
face
60%
find
60%
food
60%
four
60%
free
60%
fry
60%
Get
60%
get
60%
Gettin'
60%
gluten
60%
go
60%
gotta
60%
grass
60%
He
60%
hear
60%
here
60%
him
60%
his
60%
home
60%
in
60%
is
60%
join
60%
joined
60%
kill
60%
know
60%
land
60%
left
60%
line
60%
man
60%
mom
60%
Nashville,
60%
night
60%
not
60%
Now
60%
now
60%
off
60%
on
60%
pay
60%
play
60%
playin'
60%
promised
60%
shows
60%
sing
60%
So
60%
soccer
60%
standing
60%
stuff
60%
that
60%
that's
60%
the
60%
then
60%
there's
60%
to
60%
truck
60%
Try
60%
up
60%
wants
60%
went
60%
where
60%
who
60%
with
60%
working
60%
year
60%
you
60%
you'll
60%
your
60%
you've
60%
all
40%
blows
40%
burgers
40%
can't
40%
done
40%
downtown
40%
fed
40%
from
40%
grill,
40%
he'll
40%
he's
40%
just
40%
Light
40%
online,
40%
Opry
40%
overnight
40%
rent,
40%
set
40%
shop
40%
stiffed
40%
survive
40%
Til
40%
well
40%
we'll
40%
We're
40%
we're
40%
you're
40%
bread,
20%
chosen
20%
cook
20%
degrees
20%
Drop
20%
few
20%
fries
20%
it
20%
may
20%
our
20%
out
20%
saddle,
20%
see
20%
stay
20%
sweat
20%
tryin'
20%
No matching quizzes found
Score Distribution
Percent of People with Each Score
Percentile by Number Answered
Your Score History
You have not taken this quiz